[Event "15ème Open de Saint-Affrique"]
[Site "Saint Affrique"]
[Date "????.??.??"]
[Round "7.5"]
[White "Mohota, Nisha"]
[Black "Lejarre, Ludovic"]
[Result "0-1"]
[WhiteElo "2332"]
[BlackElo "2359"]
[PlyCount "130"]

1. d4 Nf6 2. c4 g6 3. Nc3 Bg7 4. e4 d6 5. Nf3 O-O 6. Be2 e5 7. Be3 Na6 8. O-O
Ng4 9. Bg5 Qe8 10. dxe5 dxe5 11. h3 h6 12. Bd2 Nf6 13. Be3 Qe7 14. Nd5 Qd8 15.
Qc2 c6 16. Nxf6+ Qxf6 17. c5 Nc7 18. Rad1 Qe7 19. Rd6 Ne8 20. Rfd1 Be6 21. Qc3
Nxd6 22. cxd6 Qf6 23. b3 Rfd8 24. Bc1 g5 25. Bb2 Qg6 26. Nxe5 Qxe4 27. Bf3 Qxe5
28. Qxe5 Bxe5 29. Bxe5 Rd7 30. Bf6 Re8 31. g4 Kf8 32. Bd4 Rc8 33. Bxa7 Ra8 34.
Bc5 Rxa2 35. b4 f6 36. Be4 Kf7 37. Kg2 Rb2 38. Rd4 Ke8 39. Bg6+ Kf8 40. Be4 Kf7
41. Kg3 Rb3+ 42. Kg2 Rc3 43. Bf5 Bxf5 44. gxf5 Rc1 45. h4 Re1 46. hxg5 fxg5 47.
Rd3 Kf6 48. Rh3 Kxf5 49. Rxh6 Re6 50. Rxe6 Kxe6 51. Kf3 Kf5 52. Ke3 g4 53. Kd4
Ke6 54. Ke4 Rf7 55. Ke3 Ke5 56. Kd3 Kd5 57. Ke3 Rf3+ 58. Ke2 Kc4 59. Kd2 g3 60.
fxg3 Rxg3 61. Be3 Rg2+ 62. Kd1 Rg7 63. Bc5 Rd7 64. Kc2 Kb5 65. Kc3 b6 0-1

[Event "15ème Open de Saint-Affrique"]
[Site "Saint Affrique"]
[Date "????.??.??"]
[Round "7.6"]
[White "Prie, Eric"]
[Black "Ramaswamy, Aarthie"]
[Result "1-0"]
[WhiteElo "2518"]
[BlackElo "2281"]
[PlyCount "113"]

1. d4 Nf6 2. Nf3 e6 3. Bf4 c5 4. c3 Nc6 5. e3 d5 6. Nbd2 Bd6 7. Bg3 O-O 8. Bd3
b6 9. Ne5 Ne7 10. h4 Bb7 11. Qf3 Bxe5 12. Bxe5 Nd7 13. Bd6 Re8 14. h5 Nc8 15.
Bg3 e5 16. dxe5 Nxe5 17. Bxh7+ Kxh7 18. Qf5+ Kg8 19. Bxe5 f6 20. Bf4 Qe7 21.
Qg6 Qf7 22. Qxf7+ Kxf7 23. Nf3 Ne7 24. O-O-O Rh8 25. Rh3 Bc8 26. Rh4 Bb7 27. g4
Rad8 28. g5 d4 29. Nd2 dxc3 30. bxc3 Nd5 31. Kc2 fxg5 32. Bxg5 Nf6 33. e4 Rde8
34. Bxf6 gxf6 35. Nc4 Re7 36. Nd6+ Ke6 37. Nf5 Rd7 38. Rxd7 Kxd7 39. h6 Ke6 40.
f3 Rh7 41. Rg4 Ba6 42. Kd2 Bf1 43. Rg7 Rxg7 44. Nxg7+ Kf7 45. Nh5 Kg6 46. h7
Kxh7 47. Nxf6+ Kg6 48. Nd5 Bc4 49. a3 b5 50. Nf4+ Kg5 51. Nd3 Bxd3 52. Kxd3 a5
53. Ke3 Kf6 54. f4 Ke6 55. e5 Kd5 56. Kd3 a4 57. c4+ 1-0

[Event "15ème Open de Saint-Affrique"]
[Site "Saint Affrique"]
[Date "????.??.??"]
[Round "7.7"]
[White "Janev, Evgeni"]
[Black "Daurelle, Herve"]
[Result "0-1"]
[WhiteElo "2488"]
[BlackElo "2249"]
[PlyCount "90"]

1. e4 c5 2. Nf3 d6 3. d4 cxd4 4. Nxd4 Nf6 5. Nc3 g6 6. Be3 Bg7 7. f3 O-O 8. Bc4
Nc6 9. Qd2 Bd7 10. O-O-O Rb8 11. Bb3 Na5 12. Bh6 Bxh6 13. Qxh6 b5 14. h4 e5 15.
Nde2 b4 16. Nd5 Nxb3+ 17. axb3 Nxd5 18. Rxd5 Rb6 19. h5 g5 20. f4 Bg4 21. fxg5
Bxe2 22. g6 fxg6 23. hxg6 Qe7 24. Rh3 Qg7 25. gxh7+ Kh8 26. Qxg7+ Kxg7 27. Ra5
a6 28. Kd2 Bb5 29. Ra1 Rf2+ 30. Ke3 Re2+ 31. Kf3 Rb8 32. Rh4 Rf8+ 33. Kg3 Re3+
34. Kh2 Rh8 35. Rg4+ Kf6 36. Rh4 Kg7 37. Rg4+ Kf6 38. Rh4 Kg5 39. g3 Re2+ 40.
Kg1 Rxc2 41. Rd1 Rc7 42. Rxd6 Rhxh7 43. Rxh7 Rxh7 44. Re6 Kg4 45. Kg2 Rd7 0-1

[Event "15ème Open de Saint-Affrique"]
[Site "Saint Affrique"]
[Date "????.??.??"]
[Round "7.9"]
[White "Dussol, Pierre"]
[Black "Collas, Didier"]
[Result "1/2-1/2"]
[WhiteElo "2247"]
[BlackElo "2458"]
[PlyCount "68"]

1. e4 e5 2. Nf3 Nc6 3. Bb5 Nf6 4. O-O Nxe4 5. d4 Nd6 6. Bxc6 dxc6 7. dxe5 Nf5
8. Qxd8+ Kxd8 9. Nc3 Bd7 10. h3 b6 11. Bf4 Kc8 12. Rad1 Be8 13. Rd3 Kb7 14.
Rfd1 Ne7 15. Bh2 h6 16. Re1 c5 17. e6 f6 18. g4 g5 19. Ne4 f5 20. gxf5 Nxf5 21.
Be5 Bg7 22. Bxg7 Nxg7 23. e7 Bc6 24. Ne5 Bxe4 25. Rxe4 Nf5 26. Ng6 Rhg8 27. Re6
Rae8 28. c3 Kc8 29. Rf3 Nd6 30. Rff6 Rg7 31. Kg2 h5 32. Kg3 Kd7 33. h4 Rxg6 34.
Rxg6 Nf5+ 1/2-1/2

[Event "15ème Open de Saint-Affrique"]
[Site "Saint Affrique"]
[Date "????.??.??"]
[Round "7.11"]
[White "Fruteau, Sabine"]
[Black "David, Vincent"]
[Result "0-1"]
[WhiteElo "2170"]
[BlackElo "2390"]
[PlyCount "98"]

1. e4 e6 2. d4 d5 3. e5 c5 4. c3 Nc6 5. Nf3 Qb6 6. a3 c4 7. Nbd2 f6 8. Qe2 Qc7
9. g3 fxe5 10. Nxe5 Nxe5 11. dxe5 Ne7 12. Nf3 Nc6 13. Bf4 Be7 14. h4 Bd7 15.
Bh3 O-O-O 16. Bg5 Rde8 17. Bxe7 Rxe7 18. O-O-O Kb8 19. Rhe1 Be8 20. Nd4 Nxd4
21. Rxd4 Bg6 22. f4 Rf8 23. Qd1 Qa5 24. g4 Be4 25. Qd2 Ref7 26. f5 Qc7 27. Bg2
Bd3 28. Bf1 Bxf1 29. Rxf1 h5 30. Rdf4 Qxe5 31. Re1 Qc7 32. Rxe6 hxg4 33. Qe3 a6
34. Qe5 g3 35. Qxc7+ Kxc7 36. Rg6 Rxf5 37. Rxg7+ Kc6 38. Rxf5 Rxf5 39. Rxg3
Rf1+ 40. Kc2 Rh1 41. Rg4 Rh2+ 42. Kc1 Kb5 43. Kb1 Ka4 44. Ka2 b5 45. Rd4 a5 46.
Rxd5 b4 47. axb4 axb4 48. cxb4 c3 49. Rc5 Rxb2+ 0-1

[Event "15ème Open de Saint-Affrique"]
[Site "Saint Affrique"]
[Date "????.??.??"]
[Round "7.33"]
[White "Divine, Armand"]
[Black "Gaudron, Fanny"]
[Result "1-0"]
[WhiteElo "1904"]
[BlackElo "2058"]
[PlyCount "85"]

1. e4 e5 2. Nf3 Nc6 3. Bb5 a6 4. Ba4 Nf6 5. O-O Be7 6. Re1 b5 7. Bb3 O-O 8. d4
d6 9. c3 Bg4 10. d5 Na5 11. Bc2 Nd7 12. Nbd2 Qe8 13. h3 Bh5 14. Nf1 Nc4 15. a4
Nc5 16. b3 Nb6 17. a5 Nbd7 18. g4 Bg6 19. Ng3 Nf6 20. Kg2 c6 21. b4 Na4 22.
Rxa4 bxa4 23. Bxa4 Qc8 24. Bxc6 Ra7 25. c4 Nd7 26. Be3 Rc7 27. b5 Nb8 28. Bb6
Rxc6 29. dxc6 h5 30. gxh5 Bh7 31. Qd5 Kh8 32. Ba7 f5 33. Bxb8 fxe4 34. Nxe4
Qxb8 35. b6 Qe8 36. Ng3 Bg8 37. Qe4 Rf4 38. Qb1 Qxc6 39. Re4 Bh7 40. b7 Bxe4
41. b8=Q+ Rf8 42. Qxe4 Qxe4 43. Qxf8+ 1-0

[Event "15ème Open de Saint-Affrique"]
[Site "Saint Affrique"]
[Date "????.??.??"]
[Round "7.34"]
[White "Delerme, Raymond"]
[Black "Delorme, Laurie"]
[Result "1-0"]
[WhiteElo "1886"]
[BlackElo "2040"]
[PlyCount "41"]

1. d4 d5 2. c4 c6 3. e3 Nf6 4. Nc3 e6 5. Nf3 Nbd7 6. Bd3 dxc4 7. Bxc4 b5 8. Bd3
a6 9. O-O c5 10. dxc5 Bxc5 11. Ne4 Nxe4 12. Bxe4 Rb8 13. Qc2 h6 14. Rd1 Qb6 15.
b3 Nf6 16. Bb2 Nxe4 17. Qxe4 O-O 18. Rac1 Be7 19. Ne5 Qb7 20. Nc6 Ra8 21. Nxe7+
1-0

[Event "15ème Open de Saint-Affrique"]
[Site "Saint Affrique"]
[Date "????.??.??"]
[Round "7.35"]
[White "Tardif, Sebastien"]
[Black "Roubaud, Alexandre"]
[Result "0-1"]
[WhiteElo "2030"]
[BlackElo "1842"]
[PlyCount "71"]

1. Nf3 c5 2. c4 Nc6 3. g3 g6 4. Bg2 Bg7 5. O-O d6 6. Nc3 a6 7. e3 Nf6 8. d4
cxd4 9. exd4 O-O 10. h3 e6 11. Bg5 h6 12. Be3 Kh7 13. Rc1 Nd7 14. d5 Nce5 15.
Nxe5 Nxe5 16. b3 Qe7 17. f4 Nd7 18. Kh2 e5 19. f5 b6 20. Qc2 Nc5 21. b4 Nd7 22.
Be4 Qe8 23. fxg6+ fxg6 24. Rxf8 Bxf8 25. Rf1 Bg7 26. Qf2 Nf6 27. Bxb6 Rb8 28.
c5 dxc5 29. bxc5 Qd7 30. Bg2 e4 31. c6 Qe8 32. Bd4 Bf5 33. Bxf6 e3 34. Qf3 Bxf6
35. Ne2 Rb2 36. d6 0-1

[Event "15ème Open de Saint-Affrique"]
[Site "Saint Affrique"]
[Date "????.??.??"]
[Round "7.50"]
[White "Blanchon, Pascal"]
[Black "Poulain, Yves"]
[Result "1-0"]
[WhiteElo "1757"]
[BlackElo "1936"]
[PlyCount "58"]

1. e4 e6 2. d4 d5 3. Nc3 Bb4 4. e5 c5 5. a3 Bxc3+ 6. bxc3 Qc7 7. Qg4 f6 8. Bb5+
Kf7 9. Ne2 cxd4 10. f4 dxc3 11. Qg3 a6 12. Bd3 Nd7 13. O-O f5 14. a4 Nb6 15.
Ba3 Nc4 16. Bxc4 Qxc4 17. Nxc3 Bd7 18. Rab1 b5 19. Bd6 Rc8 20. Rf3 Nh6 21. Rb4
Qc6 22. axb5 axb5 23. h3 Qa6 24. Kh2 Rc4 25. Rb2 Rhc8 26. Qg5 Re8 27. Rg3 Ng4+
28. hxg4 g6 29. Rh3 Kg8 1-0

[Event "15ème Open de Saint-Affrique"]
[Site "Saint Affrique"]
[Date "????.??.??"]
[Round "7.57"]
[White "Carlucci, Jean"]
[Black "Domenech, Vianney"]
[Result "1-0"]
[WhiteElo "1600"]
[BlackElo "1864"]
[PlyCount "49"]

1. e4 c5 2. Nf3 Nc6 3. d4 cxd4 4. Nxd4 Nf6 5. Nc3 e5 6. Ndb5 d6 7. Bg5 a6 8.
Na3 b5 9. Nd5 Be7 10. Nxe7 Qxe7 11. c3 O-O 12. Bd3 Bb7 13. O-O b4 14. Nc2 bxc3
15. bxc3 Qe6 16. Ne3 Nd7 17. Rb1 Nc5 18. Bc4 Qg6 19. Bh4 Qxe4 20. Qxd6 Qxh4 21.
Qxc5 Rab8 22. Rxb7 Rxb7 23. Qxc6 Rb2 24. Qa4 Rd8 25. Bxf7+ 1-0

[Event "15ème Open de Saint-Affrique"]
[Site "Saint Affrique"]
[Date "????.??.??"]
[Round "7.59"]
[White "Perusseau, Aurelien"]
[Black "Renard, Gilbert"]
[Result "1/2-1/2"]
[WhiteElo "1550"]
[BlackElo "1851"]
[PlyCount "74"]

1. e4 d5 2. exd5 Qxd5 3. Nc3 Qa5 4. d4 c6 5. Nf3 Bg4 6. Be2 e6 7. a3 Nf6 8. O-O
Bd6 9. h3 Bh5 10. b4 Bxb4 11. Nb1 Be7 12. c4 Qd8 13. Be3 O-O 14. Qb3 Qc8 15.
Nc3 Nbd7 16. Rfd1 Rd8 17. Rab1 b6 18. Rbc1 c5 19. d5 exd5 20. cxd5 Qb7 21. g4
Bg6 22. Nh4 Ne8 23. Nxg6 hxg6 24. Ne4 Rac8 25. f4 Nd6 26. Nxc5 Nxc5 27. Bxc5
Rxc5 28. Rb1 Rdc8 29. Qe3 Rc3 30. Rd3 Rxd3 31. Qxd3 Rc5 32. Bf3 Qc7 33. Rb2 Rc3
34. Qe2 Rxf3 35. Rc2 Rc3 36. Rxc3 Qxc3 37. Qxe7 Qg3+ 1/2-1/2

[Event "15ème Open de Saint-Affrique"]
[Site "Saint Affrique"]
[Date "????.??.??"]
[Round "7.86"]
[White "Porte, Jacques"]
[Black "Bizeul, Pierre"]
[Result "0-1"]
[WhiteElo "1516"]
[BlackElo "1099"]
[PlyCount "62"]

1. e4 e5 2. Nf3 Nc6 3. Bb5 Nf6 4. Nc3 Bc5 5. O-O O-O 6. d3 d6 7. h3 Be6 8. Bg5
a6 9. Ba4 b5 10. Bb3 h6 11. Bh4 Nd4 12. Nxd4 exd4 13. Ne2 d5 14. e5 g5 15. Bxg5
hxg5 16. exf6 Qxf6 17. Ng3 Qg7 18. Qf3 g4 19. hxg4 Bxg4 20. Nh5 Bxf3 21. Nxg7
Bxg2 22. Kxg2 Kxg7 23. Rg1 Bd6 24. Bxd5 Rad8 25. Rae1 Rh8 26. f4 Bxf4 27. Kf3+
Kf6 28. Kxf4 Rxd5 29. Rgf1 Rf5+ 30. Ke4 Rh4+ 31. Rf4 Rhxf4# 0-1

[Event "15ème Open de Saint-Affrique"]
[Site "Saint Affrique"]
[Date "????.??.??"]
[Round "7.93"]
[White "Caviere, Fabien"]
[Black "Boyd, Christopher"]
[Result "0-1"]
[WhiteElo "1380"]
[BlackElo "1100"]
[PlyCount "82"]

1. e4 e5 2. Nf3 Nc6 3. Nc3 Nf6 4. d4 exd4 5. Nxd4 Bc5 6. Nxc6 dxc6 7. Qe2 O-O
8. Be3 Bxe3 9. Qxe3 h6 10. Bd3 Ng4 11. Qf3 Qg5 12. O-O Qh5 13. h3 Nf6 14. Qe3
Be6 15. e5 Nd5 16. Nxd5 cxd5 17. Be2 Qf5 18. c3 Bd7 19. b3 Rfe8 20. f4 b6 21.
c4 dxc4 22. bxc4 c5 23. a4 Qc2 24. Rfc1 Qf5 25. Bg4 Qg6 26. Bxd7 Red8 27. Rd1
Qc2 28. Qf3 Rab8 29. Rac1 Qg6 30. Bb5 Rf8 31. Rd7 Qe6 32. f5 Qxe5 33. Qg4 Qe3+
34. Kh2 Qxc1 35. f6 Qg5 36. Qe4 Rbe8 37. Qf3 Qxf6 38. Qd5 Qf4+ 39. g3 Re2+ 40.
Kg1 Qxg3+ 41. Qg2 Qxg2# 0-1

[Event "15ème Open de Saint-Affrique"]
[Site "Saint Affrique"]
[Date "????.??.??"]
[Round "8.1"]
[White "Degraeve, Jean-Marc"]
[Black "Hamdouchi, Hichem"]
[Result "1/2-1/2"]
[WhiteElo "2520"]
[BlackElo "2576"]
[PlyCount "41"]

1. e4 c5 2. Nf3 Nc6 3. Bb5 e6 4. O-O Nge7 5. Nc3 a6 6. Bxc6 Nxc6 7. d4 cxd4 8.
Nxd4 Qc7 9. Re1 Bd6 10. Nxc6 dxc6 11. f4 O-O 12. e5 Bb4 13. Re3 Rd8 14. Rd3
Rxd3 15. Qxd3 Bxc3 16. bxc3 c5 17. Be3 Bd7 18. Rd1 Be8 19. Qd6 Rc8 20. Qxc7
Rxc7 21. g4 1/2-1/2

[Event "15ème Open de Saint-Affrique"]
[Site "Saint Affrique"]
[Date "????.??.??"]
[Round "8.2"]
[White "Flear, Glenn C"]
[Black "Petrossian, Armen"]
[Result "1/2-1/2"]
[WhiteElo "2479"]
[BlackElo "2392"]
[PlyCount "93"]

1. d4 Nf6 2. c4 d6 3. Nc3 Nbd7 4. Nf3 e5 5. Bg5 Be7 6. e3 O-O 7. Qc2 h6 8. Bh4
exd4 9. Nxd4 Ne5 10. Nf5 Bxf5 11. Qxf5 Qc8 12. Qxc8 Raxc8 13. Be2 Rfe8 14. Bg3
Ned7 15. O-O Nc5 16. f3 Bf8 17. Bf2 g6 18. Rfd1 Bg7 19. Rac1 a5 20. g4 Nfd7 21.
Rc2 Ne5 22. Nd5 Nc6 23. Be1 Nb4 24. Nxb4 axb4 25. Kf2 b3 26. axb3 Nxb3 27. Rd3
Nc5 28. Ra3 Ra8 29. Rxa8 Rxa8 30. b4 Ne6 31. f4 Ra3 32. Bf3 c6 33. Ke2 Rb3 34.
Be4 Nc7 35. Ra2 Rb2+ 36. Rxb2 Bxb2 37. Kd3 Kf8 38. Kc2 Bf6 39. h4 Ke7 40. g5
hxg5 41. hxg5 Bg7 42. Bf3 Kd7 43. Kb3 b5 44. Be2 bxc4+ 45. Bxc4 d5 46. Bf1 Nb5
47. Bd3 1/2-1/2

[Event "15ème Open de Saint-Affrique"]
[Site "Saint Affrique"]
[Date "????.??.??"]
[Round "8.3"]
[White "David, Vincent"]
[Black "Lejarre, Ludovic"]
[Result "1-0"]
[WhiteElo "2390"]
[BlackElo "2359"]
[PlyCount "65"]

1. d4 Nf6 2. c4 g6 3. Nc3 Bg7 4. e4 d6 5. Be2 O-O 6. Nf3 Na6 7. O-O e5 8. Be3
Ng4 9. Bg5 Qe8 10. c5 exd4 11. Nd5 dxc5 12. Bxa6 bxa6 13. Rc1 h6 14. Be7 c6 15.
Bxf8 Qxf8 16. Nf4 a5 17. Re1 Ba6 18. e5 Re8 19. e6 Qd6 20. exf7+ Kxf7 21. Rxe8
Kxe8 22. Qd2 Kf7 23. Nd3 c4 24. Qxa5 Bb5 25. a4 a6 26. h3 cxd3 27. axb5 Ne5 28.
Nxe5+ Qxe5 29. Qa2+ Ke8 30. bxa6 d2 31. Rf1 Qb5 32. Ra1 Qe2 33. Qb1 1-0

[Event "15ème Open de Saint-Affrique"]
[Site "Saint Affrique"]
[Date "????.??.??"]
[Round "8.4"]
[White "Daurelle, Herve"]
[Black "Prie, Eric"]
[Result "1/2-1/2"]
[WhiteElo "2249"]
[BlackElo "2518"]
[PlyCount "137"]

1. e4 d5 2. exd5 Qxd5 3. Nf3 Bg4 4. Nc3 Qe6+ 5. Qe2 Qxe2+ 6. Bxe2 c6 7. h3 Bh5
8. g4 Bg6 9. Nh4 e6 10. Nxg6 hxg6 11. d3 Nf6 12. Bd2 Bc5 13. Ne4 Nxe4 14. dxe4
Nd7 15. f4 Ke7 16. O-O-O a5 17. h4 Nf6 18. Bf3 a4 19. h5 gxh5 20. gxh5 Rad8 21.
Rde1 Rd7 22. Re2 Rhd8 23. e5 Ng8 24. Be3 Bxe3+ 25. Rxe3 Rd4 26. Be4 Nh6 27. Rg1
Kf8 28. Rd3 Ke7 29. Re3 Rd2 30. Rd3 Rf2 31. Rxd8 Kxd8 32. Rxg7 Rxf4 33. Bd3 Rh4
34. Rg5 Rg4 35. Rxg4 Nxg4 36. Kd2 Ke7 37. Kc3 Nxe5 38. Bf1 f5 39. Kb4 f4 40.
Kxa4 f3 41. Kb4 Ng4 42. Kc3 Ne3 43. Bh3 f2 44. h6 Kf6 45. h7 Kg7 46. Kd4 Nxc2+
47. Kd3 Nb4+ 48. Ke2 e5 49. Kxf2 Kxh7 50. Ke3 Kg7 51. Bc8 b6 52. Bb7 Kf6 53.
Ke4 c5 54. a3 Nc2 55. Kd3 Nd4 56. b4 cxb4 57. axb4 Kf5 58. Kc4 Kf4 59. Kd5 b5
60. Kc5 Ke3 61. Bg2 e4 62. Kd5 Nc2 63. Bf1 Na3 64. Ke5 Nc2 65. Bg2 Nxb4 66.
Bxe4 Nd3+ 67. Kd5 b4 68. Bh7 b3 69. Kc4 1/2-1/2

[Event "15ème Open de Saint-Affrique"]
[Site "Saint Affrique"]
[Date "????.??.??"]
[Round "8.5"]
[White "Benmesbah, Natacha"]
[Black "Collas, Silvia"]
[Result "0-1"]
[WhiteElo "2220"]
[BlackElo "2393"]
[PlyCount "122"]

1. e4 c5 2. Nf3 e6 3. b3 b6 4. d4 cxd4 5. Nxd4 Bb7 6. Nb5 Bxe4 7. N1c3 Bb7 8.
Bf4 Na6 9. Bd6 Nf6 10. Qd4 h5 11. h4 Nd5 12. Bxf8 Kxf8 13. Nd6 Nab4 14. Kd2 Qc7
15. Nxb7 Qxb7 16. Rd1 Nc6 17. Qd3 Nxc3 18. Qd6+ Ne7 19. Kxc3 Rc8+ 20. Kb2 Qc7
21. Bc4 Rh6 22. Qxd7 Qxd7 23. Rxd7 Rf6 24. Rhd1 Nc6 25. Ba6 Rb8 26. R1d2 b5 27.
Rc7 e5 28. Rdd7 Nd4 29. Bb7 Ne6 30. Rc3 Rxf2 31. Bf3 g6 32. Rxa7 Rb6 33. a4
bxa4 34. Rxa4 Nd4 35. Ra5 Re6 36. Rc4 Nxf3 37. gxf3 Rxf3 38. Re4 f6 39. b4 Rf4
40. Rxf4 exf4 41. Rd5 Re4 42. b5 Ke7 43. Kc3 f3 44. Rd1 f2 45. Rf1 Rf4 46. Kd3
Kd6 47. Ke3 Rxh4 48. Rxf2 f5 49. c3 Kc5 50. Rb2 g5 51. Kf3 Kb6 52. Ke3 Re4+ 53.
Kd3 h4 54. Rf2 Rf4 55. Rb2 h3 56. c4 Rh4 57. c5+ Kxc5 58. b6 h2 59. b7 Rh3+ 60.
Kd2 Rh8 61. Rb1 Rb8 0-1

[Event "15ème Open de Saint-Affrique"]
[Site "Saint Affrique"]
[Date "????.??.??"]
[Round "8.7"]
[White "Collas, Didier"]
[Black "Guedon, Stephane"]
[Result "1-0"]
[WhiteElo "2458"]
[BlackElo "2222"]
[PlyCount "57"]

1. e4 c5 2. Nf3 Nc6 3. d4 cxd4 4. Nxd4 Nf6 5. Nc3 d6 6. Bg5 e6 7. Qd2 a6 8.
O-O-O Bd7 9. f4 Be7 10. Nf3 b5 11. Bxf6 gxf6 12. f5 Qa5 13. fxe6 fxe6 14. Kb1
O-O-O 15. g3 Kb8 16. Bh3 Rhe8 17. Qc1 Bc8 18. Ne2 d5 19. exd5 Nb4 20. Nc3 exd5
21. Bxc8 Rxc8 22. a3 Rxc3 23. bxc3 Nc6 24. Qf4+ Ka8 25. Rhe1 Qxa3 26. Qc7 Qxc3
27. Rd3 Qb4+ 28. Rb3 Qc5 29. Re6 1-0

[Event "15ème Open de Saint-Affrique"]
[Site "Saint Affrique"]
[Date "????.??.??"]
[Round "8.8"]
[White "Chomet, Pascal"]
[Black "Saada, Julien"]
[Result "0-1"]
[WhiteElo "2353"]
[BlackElo "2221"]
[PlyCount "142"]

1. g3 d5 2. Bg2 Nf6 3. d3 e5 4. Nf3 Nc6 5. O-O Be7 6. Nbd2 O-O 7. e4 dxe4 8.
dxe4 Bg4 9. h3 Bxf3 10. Qxf3 Nd7 11. c3 Nc5 12. Rd1 Qd3 13. Qxd3 Nxd3 14. Nc4
Rad8 15. b4 Nxc1 16. Raxc1 Bg5 17. Ra1 b5 18. Na3 a6 19. Rd5 Bd2 20. Nb1 Bc1
21. a4 Ne7 22. Rxd8 Rxd8 23. axb5 axb5 24. Ra7 Kf8 25. Kf1 c6 26. Ke2 Ke8 27.
h4 g6 28. Bh3 f5 29. exf5 gxf5 30. h5 h6 31. Bg2 Rd6 32. Ra2 Bg5 33. Ra7 Kf7
34. Ra6 Ke6 35. Ra2 Ng8 36. Ke1 Nf6 37. Bf3 e4 38. Bd1 Rd8 39. Ra6 Rd6 40. Ra2
f4 41. gxf4 Bxf4 42. Be2 Kf5 43. Ra5 Be5 44. Kf1 Nd5 45. Ra3 Rf6 46. Rb3 Nf4
47. Na3 Rd6 48. Nb1 Nxe2 49. Kxe2 Rd3 50. Ra3 Ke6 51. Ra2 Bxc3 52. Rc2 Bxb4 53.
Rxc6+ Rd6 54. Rc1 Ke5 55. Rg1 Rc6 56. Kd1 Rf6 57. Ke2 Bc5 58. Rg2 Rf5 59. Nd2
b4 60. Rh2 Kd5 61. Nb3 Bb6 62. Nd2 Bd4 63. Nb3 Rf4 64. Nd2 Bc3 65. Nb3 Bf6 66.
Rh1 Bh4 67. Rh2 Kc4 68. Nd2+ Kd4 69. Nb3+ Kc3 70. Ke3 Bg5 71. Nc5 Rh4+ 0-1

[Event "15ème Open de Saint-Affrique"]
[Site "Saint Affrique"]
[Date "????.??.??"]
[Round "8.9"]
[White "Demuth, Adrien"]
[Black "Mullon, Jean-Baptiste"]
[Result "1/2-1/2"]
[WhiteElo "2193"]
[BlackElo "2333"]
[PlyCount "60"]

1. d4 d5 2. c4 c6 3. Nf3 Nf6 4. Nc3 Qb6 5. c5 Qd8 6. Bf4 g6 7. h3 Bg7 8. e3 O-O
9. Rc1 b6 10. b4 a5 11. b5 bxc5 12. dxc5 Bb7 13. bxc6 Nxc6 14. Bb5 Rc8 15. Na4
Nh5 16. Bh2 d4 17. O-O dxe3 18. fxe3 Bh6 19. Qe2 e5 20. Nb6 e4 21. Bxc6 Rxc6
22. Nd4 Rf6 23. Rxf6 Nxf6 24. Bd6 Re8 25. Nb5 Re6 26. Nc4 Ne8 27. Bh2 Qd3 28.
Nd4 Qxe2 29. Nxe2 Ba6 30. Bf4 g5 1/2-1/2

[Event "15ème Open de Saint-Affrique"]
[Site "Saint Affrique"]
[Date "????.??.??"]
[Round "8.10"]
[White "Meera, Sai"]
[Black "Mohota, Nisha"]
[Result "0-1"]
[WhiteElo "2191"]
[BlackElo "2332"]
[PlyCount "86"]

1. e4 e5 2. d4 exd4 3. Qxd4 Nc6 4. Qe3 g6 5. Nc3 Bg7 6. Bd2 Nf6 7. O-O-O O-O 8.
Qg5 Re8 9. f3 d6 10. Qh4 Re5 11. g4 Qf8 12. Kb1 h6 13. Qg3 d5 14. Bf4 d4 15.
Bxe5 Nxe5 16. Qxe5 dxc3 17. Bc4 Ne8 18. Qf4 Nd6 19. Bb3 g5 20. Qe3 cxb2 21. Ne2
Nb5 22. e5 a5 23. Nc3 Na3+ 24. Kxb2 a4 25. Nd5 axb3 26. axb3 Nb5 27. Ra1 Rxa1
28. Rxa1 Qd6 29. Nf6+ Bxf6 30. exf6 Qxf6+ 31. c3 Be6 32. Qc5 c6 33. Ra8+ Kh7
34. Qe3 Bd5 35. Qd3+ Kg7 36. Ra1 Qf4 37. Re1 Qxh2+ 38. Re2 Qd6 39. c4 Qf6+ 40.
Kc1 Bxf3 41. Rf2 Nd4 42. Kd2 Qf4+ 43. Kc3 c5 0-1

[Event "15ème Open de Saint-Affrique"]
[Site "Saint Affrique"]
[Date "????.??.??"]
[Round "8.12"]
[White "Van Elst, Andreas"]
[Black "Guennoun, Anthony"]
[Result "1-0"]
[WhiteElo "2294"]
[BlackElo "2148"]
[PlyCount "48"]

1. d4 d5 2. c4 c6 3. Nc3 Nf6 4. e3 Bf5 5. cxd5 cxd5 6. Qb3 Bc8 7. Nf3 e6 8.
Bb5+ Nc6 9. Ne5 Bd7 10. f4 Nxe5 11. fxe5 Ne4 12. Nxe4 dxe4 13. O-O Be7 14. d5
O-O 15. d6 Bg5 16. Bd2 a6 17. Bxd7 Qxd7 18. Rac1 Rfc8 19. Rc4 b5 20. Rc2 a5 21.
Rfc1 Rxc2 22. Qxc2 f5 23. exf6 Bxf6 24. Qxe4 Rd8 1-0

[Event "15ème Open de Saint-Affrique"]
[Site "Saint Affrique"]
[Date "????.??.??"]
[Round "9.2"]
[White "Petrossian, Armen"]
[Black "Degraeve, Jean-Marc"]
[Result "0-1"]
[WhiteElo "2392"]
[BlackElo "2520"]
[PlyCount "88"]

1. e4 d5 2. exd5 Nf6 3. d4 Bg4 4. Be2 Bxe2 5. Qxe2 Qxd5 6. Nf3 e6 7. O-O Nc6 8.
Be3 Bd6 9. Nc3 Qh5 10. Qb5 Qxb5 11. Nxb5 a6 12. Nxd6+ cxd6 13. c4 h6 14. Nd2 b5
15. Rfc1 Kd7 16. b3 Rab8 17. Rab1 Rhc8 18. Kf1 bxc4 19. bxc4 Na5 20. Rxb8 Rxb8
21. Rc3 Rb4 22. Ra3 Nxc4 23. Nxc4 Rxc4 24. Rxa6 Nd5 25. g4 f5 26. gxf5 exf5 27.
Ra7+ Rc7 28. Rxc7+ Kxc7 29. Ke2 Kc6 30. Kd3 Nxe3 31. Kxe3 g5 32. Kd3 Kb5 33.
Kc3 d5 34. Kb3 h5 35. a3 h4 36. Kc3 Ka4 37. Kd3 Kxa3 38. Ke3 Kb4 39. Kd3 Kb3
40. Kd2 Kc4 41. Ke3 f4+ 42. Kf3 Kxd4 43. Kg4 Ke5 44. Kxg5 d4 0-1

[Event "15ème Open de Saint-Affrique"]
[Site "Saint Affrique"]
[Date "????.??.??"]
[Round "9.3"]
[White "Collas, Silvia"]
[Black "Flear, Glenn C"]
[Result "0-1"]
[WhiteElo "2393"]
[BlackElo "2479"]
[PlyCount "82"]

1. c4 e6 2. Nf3 d5 3. d4 Nf6 4. Nc3 c6 5. Bg5 Nbd7 6. e3 Qa5 7. cxd5 Nxd5 8.
Qd2 N7b6 9. Bd3 Nxc3 10. bxc3 Nd5 11. O-O Qxc3 12. Qe2 Bd6 13. Nd2 Qa5 14. Nc4
Qc7 15. Nxd6+ Qxd6 16. Bh4 b6 17. Rfc1 Bb7 18. Ba6 Qd7 19. Bxb7 Qxb7 20. Qc4
Rc8 21. e4 Ne7 22. Qb4 f6 23. a4 Kf7 24. a5 Rhd8 25. f3 Rc7 26. Bf2 Rcd7 27. h4
h5 28. Rcb1 Nc8 29. Rc1 Nd6 30. Qc3 Rc8 31. Rab1 Qa6 32. Qb4 b5 33. Rc5 Kg6 34.
Be1 Nc4 35. Bc3 Rcd8 36. Rd1 Qb7 37. Kf2 a6 38. g3 e5 39. Qb1 Kf7 40. d5 Qa7
41. Bb4 cxd5 0-1

[Event "15ème Open de Saint-Affrique"]
[Site "Saint Affrique"]
[Date "????.??.??"]
[Round "9.7"]
[White "Mohota, Nisha"]
[Black "Daurelle, Herve"]
[Result "1-0"]
[WhiteElo "2332"]
[BlackElo "2249"]
[PlyCount "43"]

1. d4 Nf6 2. c4 e6 3. Nc3 c5 4. d5 exd5 5. cxd5 d6 6. e4 g6 7. h3 Bg7 8. Nf3
O-O 9. Bd3 b5 10. Nxb5 Re8 11. O-O Nxe4 12. Bxe4 Rxe4 13. Bg5 Qb6 14. Nc3 Re8
15. Re1 Rxe1+ 16. Qxe1 Nd7 17. Qe8+ Nf8 18. Re1 Bb7 19. Qe7 Rb8 20. Bf6 Bxf6
21. Qxf6 Qd8 22. Re7 1-0

[Event "15ème Open de Saint-Affrique"]
[Site "Saint Affrique"]
[Date "????.??.??"]
[Round "9.8"]
[White "Delorme, Axel"]
[Black "Ryan, Martin"]
[Result "1-0"]
[WhiteElo "2317"]
[BlackElo "2019"]
[PlyCount "43"]

1. e4 c5 2. Nf3 d6 3. c3 Nf6 4. h3 g6 5. Bd3 Bg7 6. O-O Nc6 7. Bc2 Qc7 8. d4
cxd4 9. cxd4 O-O 10. Nc3 a6 11. Re1 b5 12. Bg5 e6 13. d5 Na5 14. e5 Nxd5 15.
Nxd5 exd5 16. exd6 Qb7 17. Be7 Re8 18. Qd2 Nc4 19. Qf4 h6 20. b3 Nb6 21. Ne5
Bxe5 22. Rxe5 1-0

[Event "15ème Open de Saint-Affrique"]
[Site "Saint Affrique"]
[Date "????.??.??"]
[Round "9.9"]
[White "Fruteau, Sabine"]
[Black "Georgiev, Krum"]
[Result "0-1"]
[WhiteElo "2170"]
[BlackElo "2500"]
[PlyCount "68"]

1. e4 c5 2. Nf3 d6 3. Bb5+ Nc6 4. O-O Bd7 5. c3 Nf6 6. Re1 a6 7. Bxc6 Bxc6 8.
e5 dxe5 9. Nxe5 Rc8 10. d4 cxd4 11. cxd4 e6 12. Nc3 Be7 13. Be3 O-O 14. Qb3 Bd5
15. Qa4 Qd6 16. a3 Rfd8 17. Rac1 h6 18. Qd1 Bf8 19. Nd3 Qb6 20. Qd2 Qb3 21. Bf4
Bc4 22. Ne5 Qb6 23. Be3 Bb3 24. Qe2 Bd5 25. Red1 Qd6 26. Bf4 Bb3 27. Rd3 Bc4
28. Nxc4 Qxf4 29. Ne3 Rxd4 30. Rcd1 Rxd3 31. Qxd3 Bc5 32. Ne2 Qe5 33. Rd2 Ne4
34. Rc2 Nxf2 0-1